"Tres mil pesos" (Record no. 176544)
[ view plain ]
| 000 -LEADER | |
|---|---|
| campo de control de longitud fija | 01113nam a22002535i 4500 |
| 001 - NÚMERO DE CONTROL | |
| campo de control | 176544 |
| 003 - IDENTIFICADOR DE NÚMERO DE CONTROL | |
| campo de control | ES-MaACL |
| 005 - FECHA Y HORA DE LA ÚLTIMA TRANSACCIÓN | |
| campo de control | 20230906220119.0 |
| 008 - DATOS DE LONGITUD FIJA--INFORMACIÓN GENERAL | |
| campo de control de longitud fija | 110121s1948 sp a |||| | spa d |
| 080 ## - NÚMERO DE LA CLASIFICACIÓN DECIMAL UNIVERSAL | |
| Número de la Clasificación Decimal Universal | 821.134.2(82)-22"19" |
| 100 1# - ENTRADA PRINCIPAL--NOMBRE DE PERSONA | |
| Nombre de persona | Darthés, Camilo. |
| 9 (RLIN) | 144840 |
| 245 11 - MENCIÓN DEL TÍTULO | |
| Título | "Tres mil pesos" |
| Resto del título | : comedia en tres actos, el primero dividido en dos cuadros / |
| Mención de responsabilidad, etc. | original de Darthés y Damel. |
| 260 ## - PUBLICACIÓN, DISTRIBUCIÓN, ETC. | |
| Lugar de publicación, distribución, etc. | Madrid : |
| Nombre del editor, distribuidor, etc. | [s. n.], |
| Fecha de publicación, distribución, etc. | cop. 1948. |
| 300 ## - DESCRIPCIÓN FÍSICA | |
| Extensión | 57 p. ; |
| Dimensiones | 17 cm. |
| 490 1# - MENCIÓN DE SERIE | |
| Mención de serie | Biblioteca teatral ; |
| Designación de volumen o secuencia | 94 |
| 500 ## - NOTA GENERAL | |
| Nota general | Anteportada ilustrada. |
| 500 ## - NOTA GENERAL | |
| Nota general | En port. : Estrenada en Buenos Aires (República Argentina) en el Teatro San Martín, por la Compañía de Eva Franco, el 17 de marzo de 1947, y en Madrid, en el Teatro Infanta Isabel, por la compañía titular, Isabelita Garcés, empresa y dirección Arturo Serrano, el 16 de octubre de 1947. |
| 500 ## - NOTA GENERAL | |
| Nota general | Encuadernado con otros títulos. |
| 597 ## - NOTA DE DESCRIPCIÓN FÍSICA | |
| NOTA DE DESCRIPCIÓN FÍSICA | En el lomo: 25-94. |
| 700 1# - ENTRADA AGREGADA--NOMBRE PERSONAL | |
| Nombre de persona | Damel, Carlos S. |
| 9 (RLIN) | 144841 |
| 830 0# - PUNTO DE ACCESO ADICIONAL DE SERIE-TÍTULO UNIFORME | |
| Título uniforme | Biblioteca teatral ; |
| Designación de volumen o secuencia | 94 |
| 9 (RLIN) | 190120 |
| 852 ## - LOCALIZACIÓN | |
| Ubicación | ES-MaACL |
| Número de control de estantería | E-14122 (94) |
| Encuadernación | Olim P-302 |
| Estatus retirado | Estado de pérdida | Estado de daño | No para préstamo | Biblioteca de origen | Biblioteca actual | Ubicación en estantería | Fecha de adquisición | Fuente de adquisición | Total de préstamos | Signatura topográfica completa | Código de barras | Visto por última vez | Precio de reemplazo | Tipo de ítem Koha |
|---|---|---|---|---|---|---|---|---|---|---|---|---|---|---|
| Biblioteca del Ateneo de Madrid | Biblioteca del Ateneo de Madrid | Depósito 2 | 21/01/2011 | E-14122 (94) | 1185405 | 23/02/2023 | 23/02/2023 | Libro impreso |
